000 00737nam a2200289Ia 4500
005 20260324131143.0
008 008 260324s9999 xx 000 0 eng d
020 _a9781410613257
037 _aEBOOK
040 _aCRL
040 _beng
040 _cCRL
041 _2eng
041 _aeng
084 _qCRL
100 _aKevin A. Gluck; Richard W. Pew
_91184429
245 0 _aModeling Human Behavior With Integrated Cognitive Architectures
245 0 _bComparison, Evaluation, and Validation
260 _bTaylor and Francis
260 _c2006
365 _a
365 _b240
856 _uhttp://www.taylorfrancis.com/books/9781410613257
942 _cEBOOK
999 _c1781333
_d1781333